Logo BPK

Biblioteka

Politechniki Koszalińskiej

Niebo na dłoni / (Rekord nr 28472)

Szczegóły MARC
000 -ETYKIETA REKORDU
podpole kontrolne o stałej długości 01549nam a2200457 i 4500
001 - NUMER KONTROLNY REKORDU
pole kontrolne 28472
003 - IDENTYFIKATOR NUMERU KONTROLNEGO REKORDU
podpole kontrolne KOSZ 005
005 - DATA OSTATNIEJ MODYFIKACJI REKORDU
podpole kontrolne 20200416131825.0
008 - POLE O STAŁEJ DŁUGOŚCI - DANE KONTROLNE
podpole kontrolne o stałej długości 971113s1988 pl a f |001 0 pol
015 ## - NUMER BIBLIOGRAFII NARODOWEJ
Numer bibliografii narodowej UWD 1988/6517
020 ## - MIĘDZYNARODOWY ZNORMALIZOWANY NUMER KSIĄŻKI - ISBN
ISBN 8321406424
035 ## - NUMER SYSTEMOWY
Numer systemowy przejętego rekordu 991003166859705066
035 ## - NUMER SYSTEMOWY
Numer systemowy przejętego rekordu (PL-WaBN)b1085292x-48omnis_nlop
035 ## - NUMER SYSTEMOWY
Numer systemowy przejętego rekordu b1085292x
035 ## - NUMER SYSTEMOWY
Numer systemowy przejętego rekordu (OCoLC)749364768
035 ## - NUMER SYSTEMOWY
Numer systemowy przejętego rekordu (PL)b0000001085292
035 ## - NUMER SYSTEMOWY
Numer systemowy przejętego rekordu (EXLNZ-48OMNIS_NETWORK)9910150827405606
040 ## - ŹRÓDŁO KATALOGOWANIA
Instytucja, która sporządziła opis WA N
Instytucja, która utworzyła rekord WA N
Instytucja, która dokonała modyfikacji KOSZ 005/EG
041 1# - KOD JĘZYKA
Kod języka tekstu pol
Kod języka oryginału sla
080 ## - UNIWERSALNA KLASYFIKACJA DZIESIĘTNA - UKD
UKD 52
080 ## - UNIWERSALNA KLASYFIKACJA DZIESIĘTNA - UKD
UKD (084.11)
100 1# - NAZWA OSOBOWA
Nazwa osobowa Pittich, Eduard
Określenie rodzaju współpracy Autor
245 10 - TYTUŁ/ODPOWIEDZIALNOŚĆ
Tytuł Niebo na dłoni /
Pozostałe elementy strefy tytułu i oznaczenia odpowiedzialności Eduard Pittich, Dušan Kalmančok ; [ze słow. przeł. Jerzy M. Kreiner].
246 1# - WARIANT TYTUŁU
Treść wyrażenia wprowadzającego Tyt. oryg.:
Tytuł Obloha na dlani,
Numeracja zeszytu 1988
260 ## - STREFA ADRESU WYDAWNICZEGO
Miejsce wydania Bratislava ; Warszawa :
Nazwa wydawcy/dystrybutora "Obzor" : "Wiedza Powszechna",
Data publikacji, dystrybucji/powstania dokumentu 1988.
300 ## - STREFA OPISU FIZYCZNEGO
Objętość 417, [6] s. :
Inne cechy fizyczne il. (w tym kolor.), fot., rys. ;
Rozmiary 25 cm.
336 ## - TYP ZAWARTOŚCI
Źródło (terminu i kodu) rdacontent
Termin opisujący typ zawartości Tekst
Kod określający zawartość txt
337 ## - TYP MEDIÓW
Źródło (terminu i kodu) rdamedia
Tryb odtwarzania Bez urządzenia pośredniczącego
Kod typu mediów n
338 ## - TYP/RODZAJ NOŚNIKA
Źródło (terminu i kodu) rdacarrier
Hasło opisujące typ nośnika Wolumin
Kod typu nośnika nc
380 ## - FORMA I TYP PUBLIKACJI
Forma i typ publikacji Książki
388 ## - CZAS POWSTANIA
Czas powstania 1901-2000
388 ## - CZAS POWSTANIA
Czas powstania 19451989
504 ## - UWAGA DOTYCZĄCA BIBLIOGRAFII
Informacje o bibliografii Bibliogr. s. 417. - Indeksy.
650 #7 - HASŁO PRZEDMIOTOWE W FORMIE NAZWY OGÓLNEJ LUB JEDNOSTKOWEJ
Nazwa ogólna lub geograficzna Astronomia
Źródło hasła lub terminu DBN
658 ## - TERMIN INDEKSOWY - PRZEDMIOT PROGRAMU NAUCZANIA
Główny przedmiot programu nauczania Fizyka i astronomia
700 1# - HASŁO DODATKOWE - NAZWA OSOBOWA
Nazwa osobowa Kalmančok, Dušan
Określenie związku między hasłem a opisywanym materiałem Autor
700 1# - HASŁO DODATKOWE - NAZWA OSOBOWA
Nazwa osobowa Kreiner, Jerzy Marek
Daty związane z nazwą (1940- )
Określenie związku między hasłem a opisywanym materiałem Tłumaczenie
856 ## - LOKALIZACJA I DOSTĘP DO ELEKTRONICZNYCH DOKUMENTÓW ZDALNYCH
Link (URL) http://koha.tu.koszalin.pl/cgi-bin/koha/opac-detail.pl?biblionumber=28472
Tekst linku Katalog online BPK
942 ## - DODATKOWE ELEMENTY (KOHA)
Schemat klasyfikacji Uniwersalna Klasyfikacja Dziesiętna
Typ dokumentu Książka
Egzemplarze
Wycofany Status egzemplarza Uszkodzony Dostępność Lokalizacja stała Lokalizacja bieżąca Miejsce przechowywania Sygnatura Kod kreskowy Typ dokumentu
      Dostępny Biblioteka Politechniki Koszalińskiej Biblioteka Politechniki Koszalińskiej Wypożyczalnia BG 34280 01245646 Książka
© 2023 Biblioteka Politechniki Koszalińskiej :: KOHA